| 000 | 00357 a2200145 4500 | ||
|---|---|---|---|
| 001 | 148725 | ||
| 040 | _cEscola São Tomás de Aquino | ||
| 240 | 1 | 0 |
_aPinote, o fracote e Janjão, o fortão _lpor |
| 245 | 1 | 0 | _aPinote, o fracote e Janjão, o fortão |
| 300 | _a32 | ||
| 362 | 0 | _a2012 | |
| 440 | 1 | _aÁtica | |
| 697 | _a*LITERATURA INFANTIL | ||
| 942 | _cBK | ||
| 999 |
_c148725 _d148725 |
||